[Event "2016 South Wales International"]
[Site "Cardiff"]
[Date "2016.07.07"]
[Round "2"]
[Board "2"]
[White "Jaunooby, Ali R"]
[Black "Petrov, Marian"]
[Result "0-1"]
[WhiteElo "2158"]
[BlackElo "2461"]
[PlyCount "0"]
[EventDate "2016.07.07"]
[EventRounds "10"]
[EventCountry "WLS"]

1. d4 {[%clk 1:27:21]} c5 {[%clk 1:30:18]} 2. d5 {[%clk 1:25:55]} g6
{[%clk 1:30:39]} 3. e4 {[%clk 1:20:03]} d6 {[%clk 1:30:40]} 4. Nc3
{[%clk 1:18:49]} Bg7 {[%clk 1:31:00]} 5. Be2 {[%clk 1:18:41]} Nf6
{[%clk 1:31:14]} 6. g4 {[%clk 1:18:58]} O-O {[%clk 1:26:27]} 7. h3
{[%clk 1:15:44]} e6 {[%clk 1:26:31]} 8. g5 {[%clk 1:10:55]} Ne8 {[%clk 1:25:53]}
9. Nf3 {[%clk 1:10:20]} Nc7 {[%clk 1:23:08]} 10. Bf4 {[%clk 1:09:33]} exd5
{[%clk 1:21:36]} 11. exd5 {[%clk 1:06:53]} Re8 {[%clk 1:09:32]} 12. Kf1
{[%clk 1:02:51]} Nba6 {[%clk 1:06:22]} 13. a3 {[%clk 0:48:43]} Rb8
{[%clk 1:06:30]} 14. Kg2 {[%clk 0:37:43]} b5 {[%clk 1:06:26]} 15. Qd2
{[%clk 0:35:18]} b4 {[%clk 0:59:00]} 16. Nd1 {[%clk 0:31:27]} Nxd5
{[%clk 0:56:14]} 17. Bg3 {[%clk 0:26:34]} Ndc7 {[%clk 0:34:09]} 18. Bxa6
{[%clk 0:23:01]} Nxa6 {[%clk 0:34:15]} 19. axb4 {[%clk 0:19:56]} cxb4
{[%clk 0:33:27]} 20. Qxd6 {[%clk 0:19:06]} Qxd6 {[%clk 0:33:27]} 21. Bxd6
{[%clk 0:19:35]} Rb6 {[%clk 0:33:48]} 22. Bf4 {[%clk 0:19:53]} Bb7
{[%clk 0:31:09]} 23. Ra2 {[%clk 0:14:48]} f6 {[%clk 0:28:37]} 24. h4
{[%clk 0:11:02]} Rf8 {[%clk 0:25:51]} 25. Kg3 {[%clk 0:10:58]} fxg5
{[%clk 0:14:19]} 26. hxg5 {[%clk 0:10:46]} Nc5 {[%clk 0:14:08]} 27. Rh4
{[%clk 0:07:51]} Ne6 {[%clk 0:09:44]} 28. Ne3 {[%clk 0:05:50]} Rb5
{[%clk 0:08:10]} 29. Rxa7 {[%clk 0:03:05]} Bxf3 {[%clk 0:08:20]} 30. Kxf3
{[%clk 0:03:22]} Be5 {[%clk 0:08:13]} 31. Ng4 {[%clk 0:01:11]} Nxg5+
{[%clk 0:06:27]} 32. Kg2 {[%clk 0:00:58]} Rxf4 {[%clk 0:03:48]} 33. Ra8+
{[%clk 0:00:43]} Kg7 {[%clk 0:03:41]} 34. Ra7+ {[%clk 0:01:05]} Rf7
{[%clk 0:03:16]} 35. Ra8 {[%clk 0:00:45]} Nf3 {[%clk 0:02:14]} 36. Rh3
{[%clk 0:00:47]} h5 {[%clk 0:01:55]} 37. Ne3 {[%clk 0:00:44]} Ng5
{[%clk 0:02:00]} 38. Rh4 {[%clk 0:00:32]} Bxb2 {[%clk 0:01:32]} 39. f4
{[%clk 0:00:38]} Ne6 {[%clk 0:01:07]} 40. f5 {[%clk 0:00:55]} gxf5
{[%clk 0:01:30]} 41. Ra6 {[%clk 0:00:37]} Rf6 {[%clk 0:00:54]} 0-1

[Event "2016 South Wales International"]
[Site "Cardiff"]
[Date "2016.07.07"]
[Round "2"]
[Board "3"]
[White "Arkell, Keith C"]
[Black "Jones, Steven A"]
[Result "1-0"]
[WhiteElo "2455"]
[BlackElo "2186"]
[PlyCount "0"]
[EventDate "2016.07.07"]
[EventRounds "10"]
[EventCountry "WLS"]

1. d4 {[%clk 1:30:58]} Nf6 {[%clk 1:30:37]} 2. Nf3 {[%clk 1:31:24]} e6
{[%clk 1:30:55]} 3. c4 {[%clk 1:31:50]} Bb4+ {[%clk 1:31:11]} 4. Bd2
{[%clk 1:32:16]} Qe7 {[%clk 1:31:36]} 5. g3 {[%clk 1:32:42]} Nc6 {[%clk 1:31:51]}
6. Nc3 {[%clk 1:33:08]} O-O {[%clk 1:31:50]} 7. Bg2 {[%clk 1:33:35]} Na5
{[%clk 1:31:53]} 8. b3 {[%clk 1:33:14]} b6 {[%clk 1:32:11]} 9. Ne5
{[%clk 1:33:26]} Bb7 {[%clk 1:32:16]} 10. Bxb7 {[%clk 1:33:50]} Nxb7
{[%clk 1:32:43]} 11. O-O {[%clk 1:34:08]} c5 {[%clk 1:31:24]} 12. a3
{[%clk 1:32:41]} Ba5 {[%clk 1:29:18]} 13. e3 {[%clk 1:32:37]} Rfc8
{[%clk 1:26:48]} 14. Qf3 {[%clk 1:31:17]} Nd8 {[%clk 1:25:05]} 15. Rfd1
{[%clk 1:29:40]} cxd4 {[%clk 1:24:30]} 16. exd4 {[%clk 1:29:48]} Bxc3
{[%clk 1:24:52]} 17. Bxc3 {[%clk 1:30:01]} d5 {[%clk 1:25:13]} 18. Bb4
{[%clk 1:29:13]} Qb7 {[%clk 1:23:13]} 19. a4 {[%clk 1:28:45]} Nc6
{[%clk 1:05:53]} 20. Be1 {[%clk 1:24:45]} Qc7 {[%clk 0:58:56]} 21. Ng4
{[%clk 1:12:53]} Nxg4 {[%clk 0:56:16]} 22. Qxg4 {[%clk 1:13:19]} Qd6
{[%clk 0:44:41]} 23. h4 {[%clk 1:07:35]} f5 {[%clk 0:37:04]} 24. Qe2
{[%clk 0:59:53]} dxc4 {[%clk 0:36:05]} 25. Qxc4 {[%clk 0:50:10]} Ne7
{[%clk 0:30:43]} 26. Qe2 {[%clk 0:49:27]} a6 {[%clk 0:25:04]} 27. Rac1
{[%clk 0:49:42]} Rxc1 {[%clk 0:24:28]} 28. Rxc1 {[%clk 0:49:41]} Nc6
{[%clk 0:24:40]} 29. Bc3 {[%clk 0:49:36]} Qd5 {[%clk 0:22:31]} 30. Bb2
{[%clk 0:49:18]} a5 {[%clk 0:19:51]} 31. Rc4 {[%clk 0:44:25]} Rc8
{[%clk 0:17:46]} 32. h5 {[%clk 0:44:02]} h6 {[%clk 0:17:22]} 33. Qe3
{[%clk 0:40:10]} Ne7 {[%clk 0:15:17]} 34. Ba3 {[%clk 0:40:08]} Nc6
{[%clk 0:14:42]} 35. Qf4 {[%clk 0:38:57]} Rd8 {[%clk 0:13:46]} 36. Bb2
{[%clk 0:38:12]} Rd7 {[%clk 0:09:07]} 37. Qc1 {[%clk 0:37:17]} Nd8
{[%clk 0:07:30]} 38. Qf4 {[%clk 0:25:14]} Nf7 {[%clk 0:06:14]} 39. f3
{[%clk 0:20:03]} Nd6 {[%clk 0:04:17]} 40. Rc3 {[%clk 0:18:31]} e5
{[%clk 0:03:06]} 41. Qxe5 {[%clk 0:13:06]} Qf7 {[%clk 0:02:53]} 42. Ba3
{[%clk 0:06:53]} Nb7 {[%clk 0:01:45]} 43. Rc8+ Kh7 44. g4 {[%clk 0:26:20]} fxg4
{[%clk 0:31:00]} 45. Qe4+ {[%clk 0:26:36]} g6 {[%clk 0:31:01]} 46. hxg6+
{[%clk 0:26:58]} Qxg6 {[%clk 0:31:19]} 47. Rh8+ {[%clk 0:27:14]} 1-0

[Event "2016 South Wales International"]
[Site "Cardiff"]
[Date "2016.07.07"]
[Round "2"]
[Board "4"]
[White "Longson, Sarah N"]
[Black "Wells, Peter K"]
[Result "0-1"]
[WhiteElo "2117"]
[BlackElo "2419"]
[PlyCount "0"]
[EventDate "2016.07.07"]
[EventRounds "10"]
[EventCountry "WLS"]

1. e4 {[%clk 1:29:52]} e5 {[%clk 1:23:40]} 2. Nf3 {[%clk 1:30:16]} Nc6
{[%clk 1:24:01]} 3. Bc4 {[%clk 1:30:32]} Nf6 {[%clk 1:24:20]} 4. d3
{[%clk 1:30:14]} Be7 {[%clk 1:24:26]} 5. O-O {[%clk 1:29:33]} O-O
{[%clk 1:24:48]} 6. Re1 {[%clk 1:28:58]} d6 {[%clk 1:24:33]} 7. c3
{[%clk 1:27:46]} Na5 {[%clk 1:23:32]} 8. Bb5 {[%clk 1:27:49]} a6 {[%clk 1:23:50]}
9. Ba4 {[%clk 1:28:16]} b5 {[%clk 1:24:09]} 10. Bc2 {[%clk 1:28:37]} c5
{[%clk 1:24:31]} 11. Nbd2 {[%clk 1:28:37]} Nd7 {[%clk 1:14:37]} 12. d4
{[%clk 1:21:53]} exd4 {[%clk 1:08:03]} 13. cxd4 {[%clk 1:21:48]} Nc6
{[%clk 1:05:12]} 14. e5 {[%clk 1:06:30]} dxe5 {[%clk 0:50:07]} 15. dxe5
{[%clk 0:40:26]} c4 {[%clk 0:46:40]} 16. Qe2 {[%clk 0:28:37]} Bb7
{[%clk 0:32:17]} 17. e6 {[%clk 0:20:42]} Nc5 {[%clk 0:31:56]} 18. exf7+
{[%clk 0:20:34]} Rxf7 {[%clk 0:32:16]} 19. Ne4 {[%clk 0:20:03]} Nd3
{[%clk 0:25:00]} 20. Bxd3 {[%clk 0:12:52]} cxd3 {[%clk 0:18:53]} 21. Qd1
{[%clk 0:13:04]} Nd4 {[%clk 0:15:02]} 22. Nfg5 {[%clk 0:09:37]} Ne2+
{[%clk 0:10:44]} 23. Kh1 {[%clk 0:08:55]} Rf5 {[%clk 0:05:52]} 24. Qb3+
{[%clk 0:02:13]} Qd5 {[%clk 0:05:52]} 25. Qxd5+ {[%clk 0:01:42]} Bxd5
{[%clk 0:05:28]} 26. Bd2 {[%clk 0:01:23]} Bxg5 {[%clk 0:03:01]} 27. Nxg5
{[%clk 0:01:44]} Rxf2 {[%clk 0:03:26]} 28. h4 {[%clk 0:01:27]} Rxg2
{[%clk 0:03:32]} 0-1

[Event "2016 South Wales International"]
[Site "Cardiff"]
[Date "2016.07.07"]
[Round "2"]
[Board "5"]
[White "L'ami, Alina"]
[Black "Ivekovic, Tihana"]
[Result "1/2-1/2"]
[WhiteElo "2339"]
[BlackElo "2129"]
[PlyCount "0"]
[EventDate "2016.07.07"]
[EventRounds "10"]
[EventCountry "WLS"]

1. d4 {[%clk 1:30:58]} d5 {[%clk 1:30:55]} 2. c4 {[%clk 1:31:23]} e6
{[%clk 1:31:22]} 3. Nf3 {[%clk 1:31:50]} Nf6 {[%clk 1:31:46]} 4. Nc3
{[%clk 1:31:44]} c6 {[%clk 1:32:11]} 5. Bg5 {[%clk 1:31:53]} dxc4
{[%clk 1:32:31]} 6. a4 {[%clk 1:31:55]} Bb4 {[%clk 1:28:20]} 7. e4
{[%clk 1:31:37]} h6 {[%clk 1:27:06]} 8. Bxf6 {[%clk 1:30:09]} Qxf6
{[%clk 1:27:23]} 9. Bxc4 {[%clk 1:30:31]} O-O {[%clk 1:22:30]} 10. O-O
{[%clk 1:27:18]} a5 {[%clk 1:19:13]} 11. Qe2 {[%clk 1:19:00]} Nd7
{[%clk 1:13:20]} 12. e5 {[%clk 1:12:35]} Qe7 {[%clk 1:13:07]} 13. Na2
{[%clk 1:04:36]} c5 {[%clk 1:11:07]} 14. Nxb4 {[%clk 1:03:39]} cxb4
{[%clk 1:10:42]} 15. Bd3 {[%clk 0:55:25]} Nb6 {[%clk 1:10:29]} 16. Qe4
{[%clk 0:54:52]} g6 {[%clk 1:06:18]} 17. h4 {[%clk 0:49:38]} Bd7 {[%clk 1:02:12]}
18. Qxb7 {[%clk 0:39:40]} Rfb8 {[%clk 1:01:16]} 19. Qe4 {[%clk 0:37:59]} Nxa4
{[%clk 1:01:13]} 20. Rfb1 {[%clk 0:34:26]} Nb6 {[%clk 0:57:53]} 21. h5
{[%clk 0:33:13]} Rc8 {[%clk 0:56:19]} 22. hxg6 {[%clk 0:32:08]} fxg6
{[%clk 0:55:15]} 23. Qxg6+ {[%clk 0:28:51]} Qg7 {[%clk 0:55:32]} 24. Qxg7+
{[%clk 0:28:17]} Kxg7 {[%clk 0:55:57]} 25. Nd2 {[%clk 0:24:49]} Bc6
{[%clk 0:52:49]} 26. Nb3 {[%clk 0:15:41]} a4 {[%clk 0:49:37]} 27. Nc5
{[%clk 0:16:09]} Kf7 {[%clk 0:49:09]} 28. Rc1 {[%clk 0:09:46]} Ke7
{[%clk 0:46:11]} 29. Na6 {[%clk 0:08:12]} Nd5 {[%clk 0:42:47]} 30. Bc4
{[%clk 0:08:13]} Nf4 {[%clk 0:41:07]} 31. g3 {[%clk 0:08:16]} Nh3+
{[%clk 0:41:00]} 32. Kf1 {[%clk 0:06:55]} Rf8 {[%clk 0:39:08]} 33. f4
{[%clk 0:07:10]} Nxf4 {[%clk 0:38:21]} 34. gxf4 {[%clk 0:07:35]} Rxf4+
{[%clk 0:38:46]} 35. Ke2 {[%clk 0:07:30]} Rxd4 {[%clk 0:37:57]} 36. Bd3
{[%clk 0:04:40]} Rxd3 {[%clk 0:28:16]} 37. Rxc6 {[%clk 0:04:08]} Rb3
{[%clk 0:26:35]} 38. Rxa4 {[%clk 0:03:27]} Rxb2+ {[%clk 0:26:09]} 39. Ke3
{[%clk 0:01:21]} Rb3+ {[%clk 0:24:57]} 40. Kd2 {[%clk 0:01:03]} Rb2+
{[%clk 0:15:17]} 41. Rc2 {[%clk 0:21:17]} Rxc2+ {[%clk 0:37:11]} 42. Kxc2
{[%clk 0:21:45]} Kf7 {[%clk 0:37:31]} 43. Kb3 {[%clk 0:21:31]} Kg6
{[%clk 0:37:35]} 44. Kxb4 {[%clk 0:18:04]} Kf5 {[%clk 0:37:45]} 45. Ra5
{[%clk 0:17:47]} h5 {[%clk 0:38:04]} 46. Kc5 {[%clk 0:15:34]} h4 {[%clk 0:36:06]}
47. Kd4 {[%clk 0:13:17]} h3 {[%clk 0:36:22]} 48. Ra1 {[%clk 0:13:35]} Rd8+
{[%clk 0:29:52]} 49. Ke3 {[%clk 0:13:59]} Kxe5 {[%clk 0:30:06]} 50. Nb4
{[%clk 0:13:54]} Rh8 {[%clk 0:30:00]} 51. Nd3+ {[%clk 0:14:08]} Kf5
{[%clk 0:30:10]} 1/2-1/2

[Event "2016 South Wales International"]
[Site "Cardiff"]
[Date "2016.07.07"]
[Round "2"]
[Board "6"]
[White "Bullen, Alex"]
[Black "Webb, Laurence E"]
[Result "0-1"]
[WhiteElo "2045"]
[BlackElo "2286"]
[PlyCount "0"]
[EventDate "2016.07.07"]
[EventRounds "10"]
[EventCountry "WLS"]

1. d4 {[%clk 1:30:57]} Nf6 {[%clk 1:30:53]} 2. Nf3 {[%clk 1:31:21]} c5
{[%clk 1:30:38]} 3. e3 {[%clk 1:31:31]} d5 {[%clk 1:30:35]} 4. Be2
{[%clk 1:30:11]} Nc6 {[%clk 1:30:53]} 5. Nbd2 {[%clk 1:30:20]} cxd4
{[%clk 1:29:20]} 6. exd4 {[%clk 1:30:38]} Bg4 {[%clk 1:29:44]} 7. c3
{[%clk 1:30:30]} e6 {[%clk 1:29:38]} 8. Nh4 {[%clk 1:30:44]} Bxe2
{[%clk 1:28:15]} 9. Qxe2 {[%clk 1:31:07]} Be7 {[%clk 1:28:17]} 10. g3
{[%clk 1:31:17]} O-O {[%clk 1:28:02]} 11. Nb3 {[%clk 1:31:21]} Ne4
{[%clk 1:24:55]} 12. Ng2 {[%clk 1:29:48]} a5 {[%clk 1:22:56]} 13. f3
{[%clk 1:25:12]} a4 {[%clk 1:14:09]} 14. fxe4 {[%clk 1:24:50]} axb3
{[%clk 1:14:32]} 15. a3 {[%clk 1:24:03]} e5 {[%clk 1:12:41]} 16. exd5
{[%clk 1:20:51]} Qxd5 {[%clk 1:11:47]} 17. Be3 {[%clk 1:14:17]} exd4
{[%clk 1:03:38]} 18. Rd1 {[%clk 1:14:20]} Rfe8 {[%clk 0:44:15]} 19. O-O
{[%clk 1:10:03]} Bg5 {[%clk 0:42:22]} 20. Qd2 {[%clk 1:02:33]} Rxe3
{[%clk 0:39:06]} 21. Nxe3 {[%clk 1:00:24]} Qe4 {[%clk 0:38:43]} 22. Qg2
{[%clk 0:58:30]} Bxe3+ {[%clk 0:37:24]} 23. Kh1 {[%clk 0:58:35]} Qxg2+
{[%clk 0:34:32]} 24. Kxg2 {[%clk 0:58:57]} dxc3 {[%clk 0:34:30]} 25. bxc3
{[%clk 0:59:07]} b2 {[%clk 0:31:02]} 26. Rd7 {[%clk 0:59:10]} Bc1
{[%clk 0:25:58]} 27. Rxb7 {[%clk 0:58:50]} Rb8 {[%clk 0:23:00]} 28. Rxb8+
{[%clk 0:55:20]} Nxb8 {[%clk 0:23:21]} 29. Rd1 {[%clk 0:55:43]} Nc6
{[%clk 0:23:19]} 30. Re1 {[%clk 0:56:05]} Kf8 {[%clk 0:23:25]} 0-1

[Event "2016 South Wales International"]
[Site "Cardiff"]
[Date "2016.07.07"]
[Round "2"]
[Board "7"]
[White "Lauridsen, Jesper Morch"]
[Black "Martin, Lewis"]
[Result "1/2-1/2"]
[WhiteElo "2259"]
[BlackElo "2053"]
[PlyCount "0"]
[EventDate "2016.07.07"]
[EventRounds "10"]
[EventCountry "WLS"]

1. e4 {[%clk 1:30:58]} c5 {[%clk 1:30:49]} 2. Nf3 {[%clk 1:31:23]} d6
{[%clk 1:31:16]} 3. d4 {[%clk 1:31:43]} cxd4 {[%clk 1:31:38]} 4. Nxd4
{[%clk 1:32:09]} Nf6 {[%clk 1:31:55]} 5. Nc3 {[%clk 1:32:33]} a6 {[%clk 1:32:22]}
6. f3 {[%clk 1:32:37]} e5 {[%clk 1:29:13]} 7. Nb3 {[%clk 1:33:01]} Be6
{[%clk 1:29:27]} 8. Be3 {[%clk 1:33:14]} Be7 {[%clk 1:23:12]} 9. Qd2
{[%clk 1:33:31]} O-O {[%clk 1:21:52]} 10. O-O-O {[%clk 1:33:37]} Nbd7
{[%clk 1:17:11]} 11. g4 {[%clk 1:32:31]} Nc5 {[%clk 1:10:16]} 12. Nxc5
{[%clk 1:28:57]} dxc5 {[%clk 1:10:39]} 13. Nd5 {[%clk 1:28:57]} Bxd5
{[%clk 1:08:11]} 14. exd5 {[%clk 1:29:20]} Ne8 {[%clk 1:08:34]} 15. h4
{[%clk 1:21:14]} b5 {[%clk 1:04:43]} 16. g5 {[%clk 1:19:31]} c4 {[%clk 1:02:43]}
17. h5 {[%clk 1:19:08]} Rc8 {[%clk 0:58:27]} 18. g6 {[%clk 1:04:14]} c3
{[%clk 0:54:21]} 19. Qh2 {[%clk 1:01:13]} Qa5 {[%clk 0:50:06]} 20. Kb1
{[%clk 1:00:22]} h6 {[%clk 0:34:30]} 21. Rg1 {[%clk 0:47:12]} Qb4
{[%clk 0:20:40]} 22. b3 {[%clk 0:46:42]} Bc5 {[%clk 0:20:47]} 23. Rg4
{[%clk 0:22:22]} Bd4 {[%clk 0:18:05]} 24. gxf7+ {[%clk 0:08:50]} Rxf7
{[%clk 0:18:10]} 25. Bh3 {[%clk 0:08:52]} Rd8 {[%clk 0:13:35]} 26. Bxh6
{[%clk 0:03:38]} Rxd5 {[%clk 0:13:29]} 27. Bc1 {[%clk 0:02:55]} Nf6
{[%clk 0:09:11]} 28. Rh4 {[%clk 0:02:58]} Re7 {[%clk 0:04:24]} 29. h6
{[%clk 0:03:14]} Qd6 {[%clk 0:04:02]} 30. hxg7 {[%clk 0:01:01]} Rxg7
{[%clk 0:04:25]} 31. Bf5 {[%clk 0:00:45]} a5 {[%clk 0:01:55]} 32. Qh3
{[%clk 0:00:58]} Kf7 {[%clk 0:02:00]} 33. Rh8 {[%clk 0:00:47]} Be3
{[%clk 0:02:01]} 34. Rxd5 {[%clk 0:00:59]} Qxd5 {[%clk 0:02:20]} 35. Be6+
{[%clk 0:00:41]} Qxe6 {[%clk 0:02:42]} 36. Qxe6+ {[%clk 0:00:51]} Kxe6
{[%clk 0:03:08]} 37. Bxe3 {[%clk 0:01:16]} Rg3 {[%clk 0:02:40]} 38. a4
{[%clk 0:01:27]} bxa4 {[%clk 0:02:48]} 39. bxa4 {[%clk 0:01:53]} Rxf3
{[%clk 0:03:08]} 40. Bb6 {[%clk 0:02:01]} e4 {[%clk 0:00:51]} 41. Bxa5
{[%clk 0:02:01]} e3 {[%clk 0:01:07]} 42. Bxc3 {[%clk 0:02:11]} e2
{[%clk 0:01:26]} 43. Rh2 {[%clk 0:02:08]} Rf1+ {[%clk 0:01:44]} 44. Kb2
{[%clk 0:02:26]} e1=Q {[%clk 0:02:10]} 45. Bxe1 {[%clk 0:02:45]} Rxe1
{[%clk 0:02:36]} 46. c4 {[%clk 0:02:21]} Kd6 {[%clk 0:01:02]} 47. Rh6
{[%clk 0:01:43]} Rf1 {[%clk 0:01:28]} 48. c5+ {[%clk 0:01:36]} Kxc5
{[%clk 0:01:47]} 49. Rh8 {[%clk 0:01:10]} Kb4 {[%clk 0:00:58]} 50. Rb8+
{[%clk 0:01:27]} Kxa4 {[%clk 0:01:16]} 51. Kc3 {[%clk 0:01:44]} Rc1+
{[%clk 0:01:08]} 52. Kd4 {[%clk 0:01:57]} Rc6 {[%clk 0:01:19]} 53. Rb1
{[%clk 0:02:01]} Ne8 {[%clk 0:00:58]} 54. Ke5 {[%clk 0:01:20]} Nc7
{[%clk 0:01:17]} 55. Kd4 {[%clk 0:01:20]} Nb5+ {[%clk 0:01:39]} 56. Ke5
{[%clk 0:01:25]} Rc5+ {[%clk 0:01:51]} 57. Kf4 {[%clk 0:01:40]} Ka5
{[%clk 0:02:06]} 58. Rh1 {[%clk 0:01:43]} Rc6 {[%clk 0:02:06]} 59. Ke5
{[%clk 0:01:49]} Kb6 {[%clk 0:02:32]} 60. Rb1 {[%clk 0:00:52]} Rc5+
{[%clk 0:02:31]} 61. Kf4 {[%clk 0:01:05]} Kc6 {[%clk 0:02:57]} 62. Rh1
{[%clk 0:00:55]} Rd5 {[%clk 0:03:09]} 63. Rh8 {[%clk 0:01:02]} Nd6
{[%clk 0:03:25]} 64. Ra8 {[%clk 0:00:59]} Kd7 {[%clk 0:02:29]} 65. Kf3
{[%clk 0:00:59]} Ke6 {[%clk 0:02:27]} 66. Rh8 {[%clk 0:00:38]} Rd4
{[%clk 0:02:29]} 67. Ra8 {[%clk 0:00:39]} Rd5 {[%clk 0:01:45]} 68. Rh8
{[%clk 0:00:37]} Re5 {[%clk 0:02:12]} 69. Ra8 {[%clk 0:00:56]} Rf5+
{[%clk 0:29:45]} 1/2-1/2

[Event "2016 South Wales International"]
[Site "Cardiff"]
[Date "2016.07.07"]
[Round "2"]
[Board "8"]
[White "Ralphs, Nigel"]
[Black "Wallace, Paul"]
[Result "1/2-1/2"]
[WhiteElo "2000"]
[BlackElo "2243"]
[PlyCount "0"]
[EventDate "2016.07.07"]
[EventRounds "10"]
[EventCountry "WLS"]

1. e4 {[%clk 1:30:58]} e5 {[%clk 1:30:53]} 2. Nf3 {[%clk 1:31:21]} Nc6
{[%clk 1:31:18]} 3. Bc4 {[%clk 1:31:43]} Nf6 {[%clk 1:31:40]} 4. d3
{[%clk 1:32:00]} Bc5 {[%clk 1:31:55]} 5. O-O {[%clk 1:25:50]} d6 {[%clk 1:32:20]}
6. c3 {[%clk 1:23:57]} Bg4 {[%clk 1:29:01]} 7. Nbd2 {[%clk 1:18:02]} a6
{[%clk 1:27:06]} 8. Bb3 {[%clk 1:18:02]} O-O {[%clk 1:25:58]} 9. h3
{[%clk 1:15:18]} Bh5 {[%clk 1:22:39]} 10. Re1 {[%clk 1:14:40]} Re8
{[%clk 1:21:14]} 11. Nf1 {[%clk 1:09:49]} d5 {[%clk 1:20:11]} 12. Qe2
{[%clk 1:00:11]} d4 {[%clk 1:14:28]} 13. Ng3 {[%clk 0:49:56]} Bg6
{[%clk 1:14:28]} 14. Nh2 {[%clk 0:39:55]} Qd6 {[%clk 0:57:29]} 15. Ng4
{[%clk 0:31:44]} Nh5 {[%clk 0:50:11]} 16. Nh6+ {[%clk 0:26:14]} gxh6
{[%clk 0:50:28]} 17. Nxh5 {[%clk 0:26:42]} dxc3 {[%clk 0:50:15]} 18. bxc3
{[%clk 0:26:12]} Bxh5 {[%clk 0:44:38]} 19. Qxh5 {[%clk 0:26:28]} Qf6
{[%clk 0:44:58]} 20. Be3 Bf8 21. Rf1 {[%clk 0:16:13]} Qg6 {[%clk 0:41:38]} 22.
Qe2 {[%clk 0:16:17]} Na5 1/2-1/2

[Event "2016 South Wales International"]
[Site "Cardiff"]
[Date "2016.07.07"]
[Round "2"]
[Board "9"]
[White "Whitehead, Mark A"]
[Black "Marusenko, Petr"]
[Result "0-1"]
[WhiteElo "1969"]
[BlackElo "2226"]
[PlyCount "0"]
[EventDate "2016.07.07"]
[EventRounds "10"]
[EventCountry "WLS"]

1. e4 {[%clk 1:28:16]} c6 {[%clk 1:30:54]} 2. d4 {[%clk 1:27:55]} d5
{[%clk 1:31:18]} 3. Nd2 {[%clk 1:28:18]} dxe4 {[%clk 1:31:42]} 4. Nxe4
{[%clk 1:28:41]} Nd7 {[%clk 1:32:06]} 5. Bc4 {[%clk 1:27:47]} Ngf6
{[%clk 1:32:18]} 6. Ng5 {[%clk 1:27:13]} e6 {[%clk 1:32:39]} 7. Qe2
{[%clk 1:26:45]} Nb6 {[%clk 1:32:59]} 8. Bd3 {[%clk 1:25:43]} h6 {[%clk 1:33:18]}
9. N5f3 {[%clk 1:25:44]} c5 {[%clk 1:33:36]} 10. dxc5 {[%clk 1:22:31]} Nbd7
{[%clk 1:33:59]} 11. Ne5 {[%clk 1:15:04]} Nxc5 {[%clk 1:29:09]} 12. Bb5+
{[%clk 1:12:46]} Bd7 {[%clk 1:29:11]} 13. Nxd7 {[%clk 1:05:36]} Nfxd7
{[%clk 1:28:41]} 14. Nf3 {[%clk 0:57:37]} a6 {[%clk 1:08:15]} 15. Bxd7+
{[%clk 0:56:40]} Nxd7 {[%clk 1:03:19]} 16. O-O {[%clk 0:55:26]} Qc7
{[%clk 1:03:06]} 17. c4 {[%clk 0:51:59]} Be7 {[%clk 1:01:18]} 18. b3
{[%clk 0:51:00]} Bf6 {[%clk 0:56:39]} 19. Bb2 {[%clk 0:47:58]} Bxb2
{[%clk 0:56:22]} 20. Qxb2 {[%clk 0:48:18]} O-O {[%clk 0:56:50]} 21. Rfe1
{[%clk 0:46:00]} Rfd8 {[%clk 0:54:32]} 22. Re2 {[%clk 0:38:31]} Nc5
{[%clk 0:52:16]} 23. Qe5 {[%clk 0:36:27]} Rac8 {[%clk 0:47:27]} 24. Qxc7
{[%clk 0:27:46]} Rxc7 {[%clk 0:47:52]} 25. Rd2 Rxd2 {[%clk 0:43:52]} 26. Nxd2
{[%clk 0:27:57]} Rd7 {[%clk 0:37:52]} 27. Nf1 {[%clk 0:27:33]} f5
{[%clk 0:37:18]} 28. Re1 {[%clk 0:16:06]} Kf7 {[%clk 0:36:07]} 29. g3
{[%clk 0:13:50]} g5 {[%clk 0:31:44]} 30. Kg2 {[%clk 0:10:55]} Rd3
{[%clk 0:31:01]} 31. Re2 {[%clk 0:08:10]} Kf6 {[%clk 0:28:44]} 32. f3
{[%clk 0:07:07]} h5 {[%clk 0:25:47]} 33. h3 {[%clk 0:05:53]} f4 {[%clk 0:23:53]}
34. gxf4 {[%clk 0:03:53]} gxf4 {[%clk 0:24:20]} 35. h4 {[%clk 0:04:08]} Rd7
{[%clk 0:21:58]} 36. Nd2 {[%clk 0:04:09]} Kf5 {[%clk 0:19:36]} 37. Kh2
{[%clk 0:02:04]} Rd3 {[%clk 0:19:05]} 38. Kg2 {[%clk 0:02:15]} e5
{[%clk 0:18:00]} 39. b4 {[%clk 0:00:42]} Ne6 {[%clk 0:18:04]} 40. Nb3
{[%clk 0:00:57]} Nd4 {[%clk 0:17:18]} 41. Nxd4+ {[%clk 0:27:36]} Rxd4
{[%clk 0:42:57]} 42. Rc2 {[%clk 0:24:34]} e4 {[%clk 0:40:37]} 43. fxe4+
{[%clk 0:23:49]} Rxe4 {[%clk 0:41:01]} 44. b5 {[%clk 0:24:06]} axb5
{[%clk 0:34:26]} 45. cxb5 {[%clk 0:24:28]} Kg4 {[%clk 0:34:40]} 46. Kf2
{[%clk 0:20:56]} Rb4 {[%clk 0:34:59]} 47. Rc7 {[%clk 0:19:53]} Rb2+
{[%clk 0:34:25]} 48. Kf1 {[%clk 0:19:23]} Rxb5 {[%clk 0:34:48]} 0-1